|
|
|
|
| LEADER |
00959nam a22002652a 4500 |
| 001 |
000944314 |
| 003 |
CZ BrMZK |
| 005 |
20100507131912.0 |
| 007 |
ta |
| 008 |
090608s1970 xr a er|||||||||||cze d |
| 015 |
|
|
|a cnb000495983
|
| 035 |
|
|
|a (OCoLC)85355332
|
| 040 |
|
|
|a BOA001
|b cze
|
| 100 |
1 |
|
|a Moravcová, Jana,
|d 1937-2018
|7 jk01082033
|4 aut
|
| 245 |
1 |
0 |
|a Anekdoty ze sombrera :
|b výběr z latinskoamerického a španělského humoru /
|c Jana Moravcová ; kreslil Jiří Šlitr
|
| 250 |
|
|
|a 1. vyd.
|
| 260 |
|
|
|a Praha :
|b Lidové nakladatelství,
|c 1970
|
| 300 |
|
|
|a 94 s.
|
| 490 |
1 |
|
|a Anekdoty ;
|v sv. 7
|
| 830 |
|
0 |
|a Anekdoty (Lidové nakladatelství)
|0 s
|
| 856 |
4 |
1 |
|u http://www.digitalniknihovna.cz/mzk/uuid/uuid:cd514aa0-3747-11e4-8f64-005056827e52
|y Digitalizovaný dokument
|x NDK
|
| 910 |
|
|
|a BOA001
|b 1-0645.397
|
| 990 |
|
|
|a BK
|
| 991 |
|
|
|b 200906
|
| 996 |
6 |
|
|b 2619917612
|c 1-0645.397
|l MZK
|r Sklad / do 1 hodiny
|n 7
|w 000944314
|u 000020
|a 1
|e BOA001
|j MZK50
|s P
|